It looks like you're offline.
Open Library logo
additional options menu

MARC record from Internet Archive

LEADER: 00585nam 2200193Li 4500
001 ocn492351225
003 OCoLC
005 20100507140505.0
008 070316s2004 fr g 000 1 eng d
040 $aZWZ$encafnor$bfre$cZWZ
020 $a0743491769 (br)
020 $a9780743491761 (br)
035 $a(OCoLC)492351225
100 1 $aReichs, Kathy.
245 10 $aBare Bones$h[Texte imprimé] /$cKathy Reichs.
260 $aNew York ;$aLondon ;$aToronto... [et al.] :$bPocket star books,$cimpr. 2006.
029 0 $aZWZ$b113327587
994 $aZ0$bPMR
948 $hNO HOLDINGS IN PMR - 2 OTHER HOLDINGS